| 000 | 00779nam a22002057a 4500 | ||
|---|---|---|---|
| 999 |
_c16143 _d16143 |
||
| 003 | AR-CdUCM | ||
| 008 | 190502b ||||| |||| 00| 0 spa d | ||
| 040 |
_aMUNICIPALIDAD PROVINCIAL DEL CUSCO _cBIBLIOTECA MUNICIPAL DEL CUSCO |
||
| 082 |
_22ed. _a343.02 / _bO82 |
||
| 100 |
_aOssorio, Ángel _910915 |
||
| 245 | _aNociones de derecho político / | ||
| 260 |
_aBuenos Aires : _bAtlántida, _c1951. |
||
| 300 |
_a127 páginas ; _c17 cm. |
||
| 440 |
_aOro de cultura general ; _n47 _935432 |
||
| 505 | _aContenido: Organizaciones de las personas -- Limitaciones de la libertad -- El territorio gobernado: nación y estado -- Unitarismo y federalismo ... | ||
| 650 |
_aDerecho constitucional _94734 |
||
| 650 |
_aManuales _95970 |
||
| 942 |
_2ddc _cLIBROS |
||
| 945 |
_aacv _d2019-05-02 |
||